| 000 | 00549nam a22001817a 4500 | ||
|---|---|---|---|
| 005 | 20150403114232.0 | ||
| 008 | 130311s2013 nyua 001 0 eng d | ||
| 020 | _a9780071801133 | ||
| 041 | 0 | _aeng | |
| 080 | _a339.138 | ||
| 100 | 1 | _aSafko, Lon. | |
| 245 | 1 | 4 |
_aThe fusion marketing bible : _cLon Safko. |
| 260 |
_aNew York : _bMcGraw-Hill, _c2013. |
||
| 300 |
_a265 f. : _bme il.; _c23 cm. |
||
| 505 | _aIndex: f. 257 - 265 | ||
| 650 | 0 | _aMarketing | |
| 942 |
_2udc _cBK |
||
| 999 |
_c550 _d550 |
||